Scandinavian country / (Record no. 11869)
[ view plain ]
| 000 -CABECERA | |
|---|---|
| campo de control de longitud fija | 01037nam a2200301 4500 |
| 003 - IDENTIFICADOR DEL NÚMERO DE CONTROL | |
| campo de control | OSt |
| 005 - FECHA Y HORA DE LA ÚLTIMA TRANSACCIÓN | |
| campo de control | 20260530113904.0 |
| 008 - DATOS DE LONGITUD FIJA--INFORMACIÓN GENERAL | |
| campo de control de longitud fija | 260501t1991 xxua|||| |||| 00| 0 eng d |
| 020 ## - NÚMERO INTERNACIONAL ESTÁNDAR DEL LIBRO | |
| Número Internacional Estándar del Libro | 050023633X |
| 040 ## - FUENTE DE LA CATALOGACIÓN | |
| Centro catalogador/agencia de origen | ICI |
| Lengua de catalogación | spa |
| Centro/agencia transcriptor | ICI |
| 041 ## - CÓDIGO DE LENGUA | |
| Código de lengua del texto/banda sonora o título independiente | eng |
| 050 ## - SIGNATURA TOPOGRÁFICA DE LA BIBLIOTECA DEL CONGRESO | |
| Número de clasificación | NK2057.A1 |
| Número de documento/Ítem | B37 1992 |
| 100 1# - ENTRADA PRINCIPAL--NOMBRE DE PERSONA | |
| Nombre de persona | Barwick, JoAnn, |
| Término indicativo de función/relación | autor |
| 9 (RLIN) | 32574 |
| 245 10 - MENCIÓN DE TÍTULO | |
| Título | Scandinavian country / |
| Mención de responsabilidad, etc. | Ann Barwick ; texto Norma Skurka ; fotografías Elyse Lewin ; prólogo Barbara Peck |
| 264 #1 - PRODUCCIÓN, PUBLICACIÓN, DISTRIBUCIÓN, FABRICACIÓN Y COPYRIGHT | |
| Producción, publicación, distribución, fabricación y copyright | London : |
| Nombre del de productor, editor, distribuidor, fabricante | Thames and Hudson, |
| Fecha de producción, publicación, distribución, fabricación o copyright | 1992. |
| 300 ## - DESCRIPCIÓN FÍSICA | |
| Extensión | 224 páginas |
| 336 ## - TIPO DE CONTENIDO | |
| Término de tipo de contenido | texto |
| Fuente | rdacontent |
| 337 ## - TIPO DE MEDIO | |
| Nombre/término del tipo de medio | sin medio |
| Fuente | rdamedia |
| 338 ## - TIPO DE SOPORTE | |
| Nombre/término del tipo de soporte | volumen |
| Fuente | rdacarrier |
| 650 14 - PUNTO DE ACCESO ADICIONAL DE MATERIA--TÉRMINO DE MATERIA | |
| Término de materia o nombre geográfico como elemento de entrada | Decoración y ornamentación de interiores |
| Subdivisión geográfica | Escandinavia |
| 9 (RLIN) | 32575 |
| 650 14 - PUNTO DE ACCESO ADICIONAL DE MATERIA--TÉRMINO DE MATERIA | |
| Término de materia o nombre geográfico como elemento de entrada | Arquitectura doméstica |
| Subdivisión geográfica | Escandinavia |
| 9 (RLIN) | 32576 |
| 650 14 - PUNTO DE ACCESO ADICIONAL DE MATERIA--TÉRMINO DE MATERIA | |
| Término de materia o nombre geográfico como elemento de entrada | Diseño de muebles |
| Subdivisión geográfica | Escandinavia |
| 9 (RLIN) | 32577 |
| 650 14 - PUNTO DE ACCESO ADICIONAL DE MATERIA--TÉRMINO DE MATERIA | |
| Fuente del encabezamiento o término | Estilo escandinavo (Diseño). |
| 700 1# - PUNTO DE ACCESO ADICIONAL--NOMBRE DE PERSONA | |
| Nombre de persona | Skurka, Norma, |
| Término indicativo de función/relación | texto |
| 9 (RLIN) | 32578 |
| 700 1# - PUNTO DE ACCESO ADICIONAL--NOMBRE DE PERSONA | |
| Nombre de persona | Lewin, Elyse, |
| Término indicativo de función/relación | fotografo |
| 9 (RLIN) | 32579 |
| 700 1# - PUNTO DE ACCESO ADICIONAL--NOMBRE DE PERSONA | |
| Nombre de persona | Peck, Barbara, |
| Término indicativo de función/relación | prologuista |
| 9 (RLIN) | 32580 |
| 942 ## - ELEMENTOS DE PUNTO DE ACCESO ADICIONAL (KOHA) | |
| Fuente del sistema de clasificación o colocación | Library of Congress Classification |
| Tipo de ítem Koha | |
| Suprimir en OPAC | 1 |
No items available.